| 000 | 01617nam0a2200349 4500 | ||
|---|---|---|---|
| 001 | RU\NLR\bibl\1789121 | ||
| 005 | 20260406042359.0 | ||
| 010 |
_a978-5-9901780-5-2 _91000 |
||
| 021 |
_aRU _b2011-45598 _93238 |
||
| 035 | _a(nilc)LIBNET\0000039772 | ||
| 035 | _a(NLR Aleph) 001779831 | ||
| 090 |
_a1690519 _c1690519 |
||
| 100 | _a20100611d2010 |||y0rusy50 ca | ||
| 101 | 0 | _arus | |
| 102 | _aRU | ||
| 105 | _aa ||||||||| | ||
| 200 | 1 |
_aМаршруты памяти и славы, 1941-1945 _e65-летию Победы посвящается _e[справочник-путеводитель _fГор. центр охраны памятников _gТ. Силина, О. Гайсин _gред.: Н. Гашева] |
|
| 210 |
_aПермь _cЛадонь _d2010 |
||
| 215 |
_a172, [2] с. _cил., цв. ил., портр. _d22 |
||
| 320 | _aБиблиогр.: с. 172 | ||
| 606 | 1 |
_aВеликая Отечественная война _jСправочники _xУвековечение памяти _yПермь, город _z1941 - 1945 _92621841 _3RU\NLR\auth\661558401 |
|
| 686 |
_a63.3(2)622-9(2Р36) _vLBC/M _2rubbk |
||
| 686 | _aТ3(2)722.9-9(2Р-4Пе-2П)я2 | ||
| 686 | _aЦ35(2)722л(2Р-4Пе-2П)6я2 | ||
| 702 | 1 |
_aСилина _bТ. И. _gТатьяна Игоревна _4220 |
|
| 702 | 1 |
_4340 _8rus _7ca _aГашева _bН. Н. _gНадежда Николаевна _3RU\NLR\auth\772613 _9112623 |
|
| 801 | 0 |
_aRU _bПермская ГОУБ _c20100611 _grcr |
|
| 801 | 1 |
_aRU _bПермская ГОУБ _c20100611 _2rusmarc |
|
| 801 | 2 |
_aRU _bNLR _c20110715 _grcr |
|
| 942 | _cBOOK | ||
| 980 | _aNB | ||